Killing off litigation (Record no. 60237)

MARC details
000 -LEADER
fixed length control field 00998cam a2200241 4500
001 - CONTROL NUMBER
control field ABS61407
008 - FIXED-LENGTH DATA ELEMENTS--GENERAL INFORMATION
fixed length control field 000000n1999 000 0 eng u
035 ## - SYSTEM CONTROL NUMBER
System control number (Sirsi) u100825
100 ## - MAIN ENTRY--PERSONAL NAME
Personal name Mansfield, P.
245 ## - TITLE STATEMENT
Title Killing off litigation
260 ## - PUBLICATION, DISTRIBUTION, ETC.
Date of publication, distribution, etc. 1999
490 ## - SERIES STATEMENT
Series statement Estates Gazette
Volume/sequential designation (9938) 25 September 1999, 184-185(2)
520 ## - SUMMARY, ETC.
Summary, etc. In June 1999, a consultation draft of a pre-action protocol for professional negligence claims was launched. The documents concern the period before litigation, and sets out how parties should try and resolve their differences before they go to court. The author states that the draft protocol aims to bring settlements forward. Copies of the pre-action protocol are available from: CAP, PO Box 779, London EC1A 4DD.
590 ## - LOCAL NOTE (RLIN)
Local note ABS
650 ## - SUBJECT ADDED ENTRY--TOPICAL TERM
Topical term or geographic name entry element PRE-ACTION PROTOCOL
650 ## - SUBJECT ADDED ENTRY--TOPICAL TERM
Topical term or geographic name entry element LITIGATION
650 ## - SUBJECT ADDED ENTRY--TOPICAL TERM
Topical term or geographic name entry element CIVIL PROCEDURE RULES
650 ## - SUBJECT ADDED ENTRY--TOPICAL TERM
Topical term or geographic name entry element SETTLEMENTS
650 ## - SUBJECT ADDED ENTRY--TOPICAL TERM
Topical term or geographic name entry element NEGLIGENCE
650 ## - SUBJECT ADDED ENTRY--TOPICAL TERM
Topical term or geographic name entry element WOOLF REFORMS
690 ## - LOCAL SUBJECT ADDED ENTRY--TOPICAL TERM (OCLC, RLIN)
Topical term or geographic name as entry element LAW
942 ## - ADDED ENTRY ELEMENTS (KOHA)
Suppress in OPAC 0
Holdings
Withdrawn status Lost status Source of classification or shelving scheme Damaged status Not for loan Home library Current library Shelving location Date acquired Total Checkouts Full call number Barcode Date last seen Copy number Price effective from Koha item type
    Dewey Decimal Classification     London London Journal article 26/10/1999   ABS61407 100825-1001 06/08/2019 1 06/08/2019 Journal article